Fattest countries - Statistics

General Stats
  • This quiz has been taken 1,141 times
  • The average score is 12 of 15
Answer Stats
Hint Answer % Correct
North America USA
96%
Oceania Nauru
87%
Middle East Saudi Arabia
86%
Oceania Palau
85%
Oceania Samoa
85%
Oceania Tonga
85%
Middle East Qatar
84%
Oceania Tuvalu
84%
Oceania Marshall Islands
83%
Oceania Micronesia
82%
Oceania Kiribati
81%
Middle East Kuwait
80%
Middle East Jordan
75%
North Africa LIbya
75%
Eurasia Turkey
75%
No matching quizzes found
Score Distribution
Percent of People with Each Score
Percentile by Number Answered
Your Score History
You have not taken this quiz